Grey's Anatomy Characters/Actors - Statistics

General Stats
  • This quiz has been taken 506 times
  • The average score is 14 of 18
Answer Stats
Hint Answer % Correct
Meredith Grey Ellen Pompeo
97%
Cristina Yang Sandra Oh
93%
Derek Shepherd Patrick Dempsey
91%
Addison Montgomery Kate Walsh
87%
Alex Karev Justin Chambers
84%
George OMalley T.R Knight
83%
Owen Hunt Kevin Mckidd
82%
Mark Sloan Eric Dane
79%
Izzie Stevens Katherine Heigl
79%
Miranda Bailey Chandra Wilson
77%
Callie Torres Sara Ramirez
77%
Lexie Grey Chyler Leigh
76%
Arizona Robbins Jessica Capshaw
75%
Jackson Avery Jesse Williams
74%
April Kepner Sarah Drew
72%
Teddy Altman Kim Raver
63%
Preston Burke Isaiah Washington
62%
Richard Webber James Pickens Jr,
62%
No matching quizzes found
Score Distribution
Percent of People with Each Score
Percentile by Number Answered
Your Score History
You have not taken this quiz